| 000 | 01794cam a22004814i 4500 | ||
|---|---|---|---|
| 003 | PE-LiUPU | ||
| 005 | 20250731184511.0 | ||
| 008 | 160921s r 000 0 spa d | ||
| 020 | _a9584510398 | ||
| 020 | _a9789584510396 | ||
| 035 | _a(Sirsi) a163671 | ||
| 040 |
_aPE-LiUPU _bspa _cPE-LiUPU _erda |
||
| 049 | _aPRUA | ||
| 082 | 0 | 4 |
_a909 _bC564 _220 |
| 100 | 1 |
_aChomsky, Noam, _eautor. |
|
| 245 | 1 | 0 |
_aHegemonía o supervivencia : _bel dominio mundial de EE. UU. / _cNoam Chomsky. |
| 264 |
_aBogotá : _bNorma, _c2003. |
||
| 300 |
_a324 páginas ; _c20 centímetros. |
||
| 336 |
_atext _2rdacontent |
||
| 337 |
_aunmediated _2rdamedia |
||
| 338 |
_avolume _2rdacarrier |
||
| 490 | 0 | _aVerticales de bolsillo | |
| 505 | 0 | _aPrioridades y perspectivas -- La gran estrategia imperial -- La nueva era de la ilustración -- Tiempo peligrosos -- Los dilemas de la dominación -- Caldera de hostilidades -- Terrorismo y justicia: algunas verdades útiles -- ¿Una pesadilla pasajera?. | |
| 526 | _aP136 | ||
| 526 | _aP135 | ||
| 526 | _aP134 | ||
| 526 | _aP133 | ||
| 526 | _aP144 | ||
| 526 | _aP143 | ||
| 526 | _aP87 | ||
| 526 | _aP35 | ||
| 526 | _aP20 | ||
| 526 | _aP14 | ||
| 526 | _aP10 | ||
| 526 | _aP06 | ||
| 910 |
_ajck _bncf _cncf _d20160921 |
||
| 942 |
_2ddc _cBOOK |
||
| 949 |
_a909 C564 _wDEWEY _c1 _i74577 _lCATALOGING _mBUL _p21.28 _r0 _sY _tBOOK _u21/09/16 _xEDUCACION _PP20 _0DONACION _o.STAFF. Colección Ciencias Humanas y Educación |
||
| 994 |
_aC0 _bPEPRU |
||
| 596 | _a1 | ||
| 999 |
_a909 C564 _wDEWEY _c12536 _i74577 _d12536 _e2019-3-18 _f2021-11-9 _g5 _lCCODEBUL1 _mBUL _n4 _p21.28 _r0 _sY _tBOOK _u2016-9-21 _xEDUCACION _PP20 _0COMPRA _o.STAFF. Colección Ciencias Humanas y Educación |
||
| 980 |
_81 _gALBERTO SANCHEZ Responsable de Automatización |
||